000 00606nam a2200241Ia 4500
003 OSt
005 20221005052639.0
006 a|||||r|||| 00| 0
007 ta
008 221004b |||||||| |||| 00| 0 eng d
024 _a40732
037 _cTextual
040 _aCRL
_cCRL
_beng
041 _2eng
_aeng
082 _aO-k, N4
245 0 _aConcise glossary of contemporary literature theory
250 _a2nd
260 _aLondon
_bEdward Arnold
_c1994
300 _axii, 241p
_ccm.
650 _aENGLISH LITERATURE
942 _hO-k, N4
_cTEXL
_2cc
999 _c960747
_d960747